000 00325nam a22001217a 4500
082 _a891.4394
_bISL
100 _aIslahi, Abu Sufyan
245 _aSir Syed ka tasawar-e-saqafat /
_cAbu Sufyan Islahi
260 _aKarachi :
_bAcademy Bazyaft,
_c2017.
300 _a256p. ;
_c22 cm.
563 _aHBK.
942 _2ddc
_cBK
999 _c589114
_d589114